[Event "Hampstead U2200 July 2013"]
[Site "Hampstead, UK"]
[Date "2013.07.21"]
[Round "5"]
[White "Lees, Fraser"]
[Black "Sutton, Daniel"]
[Result "0-1"]
[WhiteElo "1802"]
[BlackElo "1616"]
[EventRounds "5"]

1. e4 e5 2. f4 Bc5 3. Nf3 d6 4. Nc3 Nc6 5. Bb5 Bg4 6. h3 Bxf3 7. Bxc6+ bxc6 8.
Qxf3 exf4 9. Qxf4 Nf6 10. Rf1 O-O 11. d3 Rb8 12. Na4 Bd4 13. c3 Be5 14. Qf3 d5
15. exd5 cxd5 16. d4 Bd6 17. Be3 Qd7 18. b3 Ne4 19. O-O-O Qc6 20. Kc2 Rb5 21.
Nc5 Ra5 22. a4 Bxc5 23. dxc5 Rxa4 24. Rxd5 Ra2+ 25. Kd3 Qxd5+ 26. Bd4 Nxc5+
{#R} 0-1

[Event "Hampstead U2200 July 2013"]
[Site "Hampstead, UK"]
[Date "2013.07.21"]
[Round "5"]
[White "Zhu, Richard"]
[Black "Puiu, Claudiu"]
[Result "1-0"]
[WhiteElo "1622"]
[BlackElo "1930"]
[EventRounds "5"]

1. d4 d5 2. e3 c5 3. dxc5 Nc6 4. Bb5 Qa5+ 5. Nc3 a6 6. Be2 Nf6 7. Nf3 e6 8.
O-O Bxc5 9. a3 O-O 10. Bd2 Qc7 11. b4 Bd6 12. Na4 b5 13. Nb2 Ne5 14. h3 Nc4
15. Nxc4 bxc4 16. Bc3 Ne4 17. Be1 Bd7 18. c3 a5 19. Nd4 axb4 20. axb4 Ra7 21.
f3 Bh2+ 22. Kh1 Ng3+ 23. Bxg3 Bxg3 24. Rxa7 Qxa7 25. Qa1 Qb7 26. f4 Ra8 27.
Qb2 e5 28. fxe5 Bxe5 29. e4 dxe4 30. Bxc4 Bf6 31. Qb3 Ba4 32. Qb1 Qc7 33. Qa2
Qg3 34. Ne2 Qc7 35. Bb5 Qa7 36. Ra1 Bxb5 37. Qxa7 Rxa7 38. Rxa7 g6 39. Ra2 Bg5
40. Ra5 Bxe2 41. Rxg5 f5 42. Rg3 Kf7 43. Re3 Bd3 44. Kg1 Ke6 45. Kf2 f4 46.
Rxd3 exd3 47. c4 g5 48. b5 h5 49. b6 Kd6 50. c5+ Kc6 {#r} 1-0

[Event "Hampstead U2200 July 2013"]
[Site "Hampstead, UK"]
[Date "2013.07.21"]
[Round "5"]
[White "Ivanov, George"]
[Black "Sagues, Vincent"]
[Result "1-0"]
[WhiteElo "1739"]
[BlackElo "1939"]
[EventRounds "5"]

1. e4 e6 2. d4 d5 3. exd5 exd5 4. Bd3 Bd6 5. h3 Ne7 6. Nf3 O-O 7. O-O c6 8. c3
Bf5 9. Bxf5 Nxf5 10. Qd3 g6 11. Bg5 f6 12. Bd2 Nd7 13. c4 dxc4 14. Qxc4+ Kg7
15. Nc3 Nb6 16. Qb3 Bc7 17. Rad1 Re8 18. Rfe1 Qd7 19. Ne4 Qf7 20. Qc2 Rad8 21.
Bc3 Nd5 22. Bd2 Bb8 23. g4 Nd6 24. Nc5 g5 25. Bxg5 fxg5 26. Nxg5 Qg6 27. Nge6+
Kg8 28. Qxg6+ hxg6 29. Nxd8 Rxd8 30. Re6 Nf4 31. Rf6 Ne8 32. Rxf4 Bxf4 33. Ne6
Bc7 34. Nxd8 Bxd8 35. Re1 Kf7 36. Kg2 Bf6 37. Rd1 Nc7 38. f4 Nd5 39. Kf3 Ke6
40. Ke4 Bg7 41. h4 Nf6+ 42. Kf3 Kd5 43. g5 Nh5 44. b3 Bxd4 45. Re1 Ng7 46. Re7
b5 47. Kg4 a5 48. Rd7+ Ke4 49. Rd6 c5 50. Rxg6 c4 51. bxc4 bxc4 52. Rc6 Kd5
53. Rc8 c3 54. f5 Bc5 55. f6 Ne6 56. g6 c2 57. g7 c1=Q 58. g8=Q Qf4+ 59. Kh3
Qf3+ 60. Kh2 Qf2+ 61. Qg2+ Qxg2+ 62. Kxg2 Ke5 63. f7 Ba3 64. Ra8 Bb4 65. a3
Be7 66. Rxa5+ Kf6 67. a4 Kxf7 68. Ra7 Kf6 69. Kg3 Bc5 70. Ra6 Kf5 71. h5 Be3
72. a5 Bf4+ 73. Kf3 Ng5+ 74. Ke2 Nf7 75. h6 Be5 76. Rb6 Ke4 77. Re6 Kd5 78.
Re7 Nh8 79. Rxe5+ Kxe5 80. a6 Kf6 81. a7 Kg6 82. a8=Q Nf7 83. Qg8+ {#r} 1-0

[Event "Hampstead U2200 July 2013"]
[Site "Hampstead, UK"]
[Date "2013.07.21"]
[Round "5"]
[White "Reddiar, Gautham"]
[Black "Jina, Taran"]
[Result "1-0"]
[WhiteElo "1882"]
[BlackElo "1690"]
[EventRounds "5"]

1. e4 d5 2. exd5 Nf6 3. Nf3 Nxd5 4. d4 Bg4 5. Be2 e6 6. Nbd2 c5 7. dxc5 Bxc5
8. Ne4 Bb6 9. c3 O-O 10. O-O h6 11. Ng3 Qc7 12. c4 Nf6 13. b3 Rd8 14. Qc2 Nc6
15. Bb2 e5 16. Rfd1 Rac8 17. Bc3 Bxf3 18. Bxf3 Nd4 19. Bxd4 Bxd4 20. Rac1 Nh7
21. Ne2 Bc5 22. Nc3 Nf6 23. Nd5 Nxd5 24. Bxd5 Bd4 25. Qe4 b6 26. Rd3 Qc5 27.
Rf1 Rd6 28. Rf3 Rc7 29. Bxf7+ Kh8 30. Bd5 Qa3 31. Rf8# 1-0

[Event "Hampstead U2200 July 2013"]
[Site "Hampstead, UK"]
[Date "2013.07.21"]
[Round "5"]
[White "Verma, Aditya"]
[Black "Lim, Mark"]
[Result "1-0"]
[WhiteElo "1616"]
[BlackElo "1843"]
[EventRounds "5"]

1. e4 e6 2. d4 d5 3. e5 c5 4. c3 Qb6 5. a3 Bd7 6. b4 cxd4 7. cxd4 Bb5 8. Bxb5+
Qxb5 9. Nc3 Qb6 10. Bb2 Ne7 11. Rc1 Nd7 12. Nge2 Nc6 13. O-O Be7 14. Kh1 O-O
15. f4 f6 16. Qd2 Kh8 17. Rf3 fxe5 18. fxe5 Rxf3 19. gxf3 a5 20. b5 Na7 21.
Qd3 Rc8 22. a4 Rc4 23. Rg1 Bb4 24. Rg4 Bxc3 25. Nxc3 Qd8 26. Ne4 h6 27. Nd6
Qf8 28. Nxc4 dxc4 29. Qe4 Nb6 30. Qxb7 Nxa4 31. Ba3 {#r} 1-0

[Event "Hampstead U2200 July 2013"]
[Site "Hampstead, UK"]
[Date "2013.07.21"]
[Round "5"]
[White "Ivanov, Elizabeth"]
[Black "Gupta, Arul"]
[Result "1/2-1/2"]
[WhiteElo "1602"]
[BlackElo "1789"]
[EventRounds "5"]

1. e4 e5 2. Nf3 Nc6 3. d4 exd4 4. Bc4 Bc5 5. c3 Nf6 6. e5 d5 7. Bb5 Ne4 8.
cxd4 Bb6 9. O-O O-O 10. Nc3 Bg4 11. Bxc6 bxc6 12. Na4 Qe7 13. Nxb6 cxb6 14.
Qd3 Bxf3 15. Qxf3 Ng5 16. Qg4 Ne6 17. a3 Rad8 18. f4 Nxd4 19. f5 Qxe5 20. Bh6
Nc2 21. f6 Qd4+ 22. Qxd4 Nxd4 23. Bxg7 Rfe8 24. Rad1 Ne6 25. Bh6 Kh8 26. Rf3
Rg8 27. Re1 Rd6 28. Ree3 d4 29. Re5 d3 30. Rf2 Rg6 31. Bd2 h6 32. h4 Kh7 33.
h5 Rg4 34. Rf3 Nd4 35. Rf2 Nb3 36. Re7 Kg8 37. Re8+ Kh7 38. Re7 Kg8 39. Re8+
Kh7 40. Re7 {#d} 1/2-1/2

[Event "Hampstead U2200 July 2013"]
[Site "Hampstead, UK"]
[Date "2013.07.21"]
[Round "5"]
[White "Parry, Jacques"]
[Black "Balouka Myers, Reuben"]
[Result "1-0"]
[WhiteElo "1762"]
[BlackElo "1564"]
[EventRounds "5"]

1. d4 f5 2. Nc3 g6 3. e4 fxe4 4. Nxe4 Bg7 5. Nf3 Nf6 6. Nxf6+ Bxf6 7. Bh6 e6
8. Bd3 Qe7 9. O-O Bg7 10. Bxg7 Qxg7 11. Qe2 O-O 12. c3 Nc6 13. Rae1 Re8 14.
Ne5 Ne7 15. Bb5 c6 16. Bd3 d6 17. Nc4 Nf5 18. Bxf5 gxf5 19. Nxd6 Re7 20. Qe5
Qg6 21. Nxf5 Rd7 22. Qxe6+ Qxe6 23. Rxe6 Rd5 24. Ne7+ Kf7 25. Re3 Rg5 26. Nxc8
Rxc8 27. Rfe1 Rc7 28. Rf3+ Kg7 29. h3 Rg6 30. Kh2 Rg5 31. Rg3 Rxg3 32. Kxg3
Rf7 33. f3 Kg6 34. f4 Kg7 35. Re5 h6 36. Kf3 Kg6 37. g4 a6 38. f5+ Kg7 39. h4
{#r} 1-0

[Event "Hampstead U2200 July 2013"]
[Site "Hampstead, UK"]
[Date "2013.07.21"]
[Round "5"]
[White "Haridas, Girinath"]
[Black "Balouka Myers, Gabriel"]
[Result "1/2-1/2"]
[WhiteElo "1755"]
[BlackElo "1548"]
[EventRounds "5"]

1. d4 d5 2. c4 e6 3. Nc3 c5 4. cxd5 exd5 5. Nf3 Nc6 6. g3 Nf6 7. Bg2 Bf5 8.
O-O c4 9. Bg5 Be7 10. Ne5 Be6 11. Nxc6 bxc6 12. f3 O-O 13. e4 h6 14. Be3 Qb6
15. Qd2 Rfd8 16. Qe2 Rab8 17. Rf2 a5 18. h3 Qa7 19. f4 c5 20. dxc5 d4 21. Bxd4
Rxd4 22. f5 Bc8 {#d} 1/2-1/2

[Event "Hampstead U2200 July 2013"]
[Site "Hampstead, UK"]
[Date "2013.07.21"]
[Round "5"]
[White "Nayak, Raghav"]
[Black "Pride, Stephen"]
[Result "1/2-1/2"]
[WhiteElo "1602"]
[BlackElo "1819"]
[EventRounds "5"]

1. e4 d6 2. Nc3 Nf6 3. Bc4 c6 4. Bb3 b5 5. d3 Bb7 6. f4 Nbd7 7. Nf3 e6 8. O-O
Qb6+ 9. Kh1 Be7 10. Qe1 O-O 11. Be3 Qc7 12. h3 Nc5 13. g4 Nxb3 14. axb3 a6 15.
Qg3 c5 16. g5 Nh5 17. Qg4 g6 18. Ne2 d5 19. e5 d4 20. Bd2 Rfd8 21. Ba5 Qc6 22.
Bxd8 Rxd8 23. Ng3 Nxg3+ 24. Qxg3 Kg7 25. h4 Qc8 26. Rf2 {#d} 1/2-1/2

[Event "Hampstead U2200 July 2013"]
[Site "Hampstead, UK"]
[Date "2013.07.21"]
[Round "5"]
[White "Breindel, Jake"]
[Black "Jina, Asha"]
[Result "1-0"]
[WhiteElo "1786"]
[BlackElo "1570"]
[EventRounds "5"]

1. e4 e5 2. Nf3 Nc6 3. Bb5 a6 4. Ba4 Nf6 5. O-O b5 6. Bb3 Bc5 7. d3 Bb7 8. a3
d6 9. Re1 O-O 10. Nbd2 Ne7 11. Nf1 Ng6 12. Ng3 Bb6 13. h3 Rc8 14. c3 c5 15.
Bc2 Qd7 16. Bg5 Qe6 17. Bb3 c4 18. dxc4 bxc4 19. Bc2 h6 20. Be3 Bxe3 21. Rxe3
Nf4 22. Rb1 Rfd8 23. b4 Bc6 24. Ne2 Rb8 25. Nxf4 exf4 26. Nd4 Qe8 27. Nxc6
Qxc6 28. Re1 Re8 29. Ba4 Rb5 30. Bxb5 axb5 31. f3 Ra8 32. Ra1 Qb6+ 33. Kf1 Ra4
34. Qc1 Nd7 35. Qxf4 Ne5 36. Qe3 Qa6 37. Red1 Nd3 38. Rxd3 cxd3 39. Qxd3 Rxa3
40. Rxa3 Qxa3 41. Qxb5 Qxc3 42. Qb8+ Kh7 43. Qxd6 Qc1+ 44. Ke2 Qc2+ 45. Qd2
Qc4+ 46. Ke3 Qb3+ 47. Kf4 Qc4 48. Qd6 Qb5 49. Qc5 Qb8+ 50. Kg4 g5 51. e5 f6
52. Qe7+ Kg8 53. Qe6+ Kh7 54. Qf7+ Kh8 55. Qxf6+ Kh7 56. Qf5+ Kg7 57. Qd7+ Kf8
58. Qd6+ Qxd6 59. exd6 {#r} 1-0

[Event "Hampstead U2200 July 2013"]
[Site "Hampstead, UK"]
[Date "2013.07.21"]
[Round "5"]
[White "Chauhan, Pranay"]
[Black "Sloan, Cecil"]
[Result "1/2-1/2"]
[WhiteElo "1450"]
[BlackElo "1700"]
[EventRounds "5"]

1. d4 Nf6 2. Nf3 e6 3. c4 Bb4+ 4. Bd2 Qe7 5. a3 Bxd2+ 6. Qxd2 b6 7. e3 Bb7 8.
Be2 d6 9. Nc3 Nbd7 10. O-O O-O 11. b4 Ne4 12. Nxe4 Bxe4 13. Rfd1 a5 14. Ne1
axb4 15. axb4 Qf6 16. Bf3 Bxf3 17. Nxf3 e5 18. dxe5 Nxe5 19. Nxe5 Qxe5 20. Qd4
Qxd4 21. exd4 Rfe8 22. f3 f6 23. c5 {#d} 1/2-1/2

[Event "Hampstead U2200 July 2013"]
[Site "Hampstead, UK"]
[Date "2013.07.21"]
[Round "5"]
[White "Klingher, Dominic"]
[Black "Oyama, Harunobu"]
[Result "1-0"]
[WhiteElo "1642"]
[BlackElo "1598"]
[EventRounds "5"]

1. Nf3 c5 2. g3 Nc6 3. Bg2 g6 4. O-O Bg7 5. c4 e6 6. d3 Nge7 7. Nc3 O-O 8. Bf4
d5 9. cxd5 Nxd5 10. Nxd5 exd5 11. Rc1 Qb6 12. Bd6 Re8 13. Bxc5 Qxb2 14. Rc2
Qf6 15. Nd2 Nd4 16. Bxd4 Qxd4 17. Nb3 Qe5 18. e3 Rb8 19. d4 Qg5 20. Rc5 Be6
21. e4 Bf8 22. Ra5 b6 23. Rxa7 dxe4 24. Bxe4 Bxb3 25. Qxb3 Rxe4 26. Qxf7+ Kh8
27. Qxh7# 1-0

[Event "Hampstead U2200 July 2013"]
[Site "Hampstead, UK"]
[Date "2013.07.21"]
[Round "5"]
[White "Reed, Liam"]
[Black "Szucs, Zoltan"]
[Result "0-1"]
[WhiteElo "1417"]
[BlackElo "1632"]
[EventRounds "5"]

1. e4 e5 2. Nf3 Nc6 3. Bc4 Bc5 4. c3 Nf6 5. d4 exd4 6. cxd4 Bb4+ 7. Bd2 Nxe4
8. Bxb4 Nxb4 9. Bxf7+ Kxf7 10. Qb3+ d5 11. Qxb4 Re8 12. O-O Kg8 13. Nbd2 a5
14. Qb3 Bg4 15. Nxe4 Rxe4 16. Ne5 Rxd4 17. f3 Rb4 18. Qd3 Be6 19. Rf2 Qd6 20.
f4 Rf8 21. Raf1 Qb6 22. Kh1 Rxb2 23. Qf3 Rxf2 24. Qxf2 Qxf2 25. Rxf2 c5 26. g4
d4 27. a4 Bd5+ 28. Kg1 Bc6 29. Nxc6 bxc6 30. Kf1 g6 31. Ke2 Kf7 32. Kd3 Ke6
33. Kc4 Kd6 34. f5 gxf5 35. gxf5 h5 36. f6 Ke6 37. Kxc5 d3 38. Kxc6 Rxf6 39.
Rd2 Ke5+ 40. Kc5 Ke4 41. Kc4 Rc6+ 42. Kb3 Ke3 43. Rg2 d2 44. Rg3+ Ke2 45. Rg2+
Ke1 46. Rg1+ Kf2 47. Rd1 Ke2 48. Rxd2+ Kxd2 49. Ka3 Kc3 50. Ka2 Rg6 51. Ka3
Rg1 52. Ka2 Rg2+ 53. Ka3 Rb2 54. h3 Rb4 55. Ka2 Rxa4+ 56. Kb1 Rh4 57. Ka2 a4
58. Ka3 Rxh3 59. Kxa4 Rh1 60. Kb5 Rb1+ 61. Kc5 h4 62. Kd5 h3 63. Kc5 h2 64.
Kc6 h1=Q+ 65. Kc5 Qh5+ 66. Kc6 Rb5 67. Kd6 Qh6+ 68. Kc7 Rb6 69. Kc8 Qg7 {#R}
0-1

[Event "Hampstead U2200 July 2013"]
[Site "Hampstead, UK"]
[Date "2013.07.21"]
[Round "5"]
[White "Ali, Zarrar"]
[Black "Winter, Malcolm J"]
[Result "1-0"]
[WhiteElo "1600"]
[BlackElo "1553"]
[EventRounds "5"]

1. d4 Nf6 2. c4 e6 3. Nc3 d5 4. Bg5 Be7 5. e3 O-O 6. Nf3 Nbd7 7. Bd3 dxc4 8.
Bxc4 c5 9. O-O b6 10. d5 exd5 11. Nxd5 Bb7 12. Nxe7+ Qxe7 13. Bf4 Rfd8 14. Bd6
Qe4 15. Bxf7+ Kh8 16. Bc7 Rf8 17. Bb3 g5 18. Bc2 Qc6 19. Bd6 Rfd8 20. Be7 Re8
21. Qd6 g4 22. Nh4 Qxd6 23. Bxd6 Ne4 24. Bf4 Rad8 25. Rad1 h5 26. Bc7 Bc6 27.
Bxd8 Rxd8 28. Ng6+ Kg7 29. Ne5 Bb5 30. Bxe4 Kf6 31. Nxd7+ Ke6 32. Nxc5+ Ke7
33. Rxd8 {#r} 1-0

[Event "Hampstead U2200 July 2013"]
[Site "Hampstead, UK"]
[Date "2013.07.21"]
[Round "5"]
[White "Karia, Rishul"]
[Black "Macdonald, John"]
[Result "1-0"]
[WhiteElo "1490"]
[BlackElo "1602"]
[EventRounds "5"]

1. e4 c5 2. Nc3 Nc6 3. d3 e6 4. g3 g6 5. Bg2 Nge7 6. Nge2 Bg7 7. O-O O-O 8.
Be3 d6 9. Qd2 f5 10. Bh6 Nd4 11. Nxd4 cxd4 12. Ne2 Nc6 13. Bxg7 Kxg7 14. exf5
Rxf5 15. Bxc6 bxc6 16. Nxd4 Rc5 17. b4 Rd5 18. Nxc6 Qc7 19. c4 Qxc6 20. cxd5
Qxd5 21. Qc3+ e5 22. Qc4 Qf3 23. Qe4 Qxe4 24. dxe4 Bb7 25. f3 Kf6 26. a3 Rd8
27. Kf2 Ke6 28. Rac1 Rd7 29. Rfd1 g5 30. Ke3 h5 31. a4 Rf7 32. a5 g4 33. f4
exf4+ 34. gxf4 a6 {Remainder of scoresheet unreadable, 1-0, 73.} {#r} 1-0

[Event "Hampstead U2200 July 2013"]
[Site "Hampstead, UK"]
[Date "2013.07.21"]
[Round "5"]
[White "Wen, Jackson"]
[Black "Sharkey, Brian"]
[Result "1-0"]
[WhiteElo "1642"]
[BlackElo "1810"]
[EventRounds "5"]

1. e4 c5 2. Nc3 Nc6 3. f4 g6 4. Nf3 Bg7 5. Bc4 e6 6. d3 Nge7 7. O-O d5 8. Bb5
a6 9. Bxc6+ Nxc6 10. Qe1 dxe4 11. dxe4 Nd4 12. Qf2 O-O 13. Qg3 Nxc2 14. Rb1
Nd4 15. Qh3 Nxf3+ 16. Rxf3 b5 17. Be3 Qe7 18. Rbf1 Bb7 19. Rg3 b4 20. Na4 Bd4
21. Bxd4 cxd4 22. f5 Bxe4 23. f6 Qa7 24. Qh6 d3+ 25. Kh1 {#r} 1-0

[Event "Hampstead U2200 July 2013"]
[Site "Hampstead, UK"]
[Date "2013.07.21"]
[Round "5"]
[White "Lovell, William"]
[Black "Hung, Jake"]
[Result "0-1"]
[WhiteElo "1322"]
[BlackElo "1657"]
[EventRounds "5"]

1. e4 c6 2. c4 d5 3. cxd5 cxd5 4. exd5 Qxd5 5. Nc3 Qd8 6. Nf3 Nf6 7. d4 e6 8.
Bg5 Be7 9. Bc4 O-O 10. O-O a6 11. Re1 b5 12. Bb3 Bb7 13. Qd3 Nc6 14. a3 Nh5
15. Bc2 g6 16. Bxe7 Nxe7 17. Rad1 Nf5 18. Ne4 Rc8 19. g4 Nf4 20. Qd2 Nh3+ 21.
Kf1 Nh4 22. Re3 Qc7 23. Nxh4 Qxh2 24. Ng3 Qg1+ 25. Ke2 $138 {White lost on
time.} {#R} 0-1

[Event "Hampstead U2200 July 2013"]
[Site "Hampstead, UK"]
[Date "2013.07.21"]
[Round "5"]
[White "Karia, Kamlesh"]
[Black "Hung, Dylan"]
[Result "1/2-1/2"]
[WhiteElo "1570"]
[BlackElo "1490"]
[EventRounds "5"]

1. e4 c6 2. d4 d5 3. e5 Bf5 4. Bd3 Bxd3 5. Qxd3 e6 6. Nf3 Nd7 7. O-O Ne7 8.
Bg5 Qc7 9. Bxe7 Bxe7 10. Nbd2 c5 11. c3 O-O 12. Rac1 b5 13. h4 f6 14. exf6
Bxf6 15. Ng5 Bxg5 16. hxg5 Qf4 17. Nf3 Qg4 18. Nh2 Qxg5 19. Rce1 c4 20. Qh3
Qf5 21. Rxe6 Qxh3 22. gxh3 Rab8 23. Ng4 Rf3 24. Re7 Nb6 25. Kg2 Rf7 26. Rfe1
Rxe7 27. Rxe7 Na4 28. Rxa7 Nxb2 29. Ne3 Na4 30. Nd1 Re8 31. Kf1 Rf8 32. Rb7
Rf3 33. Rxb5 Rxh3 34. Rxd5 Rd3 35. Ne3 Nxc3 36. Rd8+ Kf7 37. Nxc4 Ke7 38. Ra8
Rxd4 39. Ne3 {#d} 1/2-1/2

[Event "Hampstead U2200 July 2013"]
[Site "Hampstead, UK"]
[Date "2013.07.21"]
[Round "5"]
[White "Gergelova, Monika"]
[Black "Byrne, Ken J"]
[Result "0-1"]
[WhiteElo "1297"]
[BlackElo "1194"]
[EventRounds "5"]

1. e4 d6 2. Nc3 g6 3. Bc4 Bg7 4. d4 Nf6 5. Nge2 O-O 6. O-O c5 7. d5 a6 8. a3
e6 9. Be3 exd5 10. exd5 Nbd7 11. b4 b5 12. Ba2 c4 13. Bd4 Bb7 14. Nf4 Ne5 15.
Qd2 g5 16. Nh3 h6 17. f3 Nxd5 18. Nxd5 Bxd5 19. c3 f6 20. Bb1 Rb8 21. Bf5 Rb7
22. Rfe1 Bxf3 23. Be6+ Kh8 24. Bxe5 fxe5 25. Bd5 Bxd5 26. Qxd5 Rbf7 27. Rf1
Rxf1+ 28. Rxf1 Rxf1+ 29. Kxf1 Qf6+ 30. Nf2 Bf8 31. Qa8 Kg7 32. Qb7+ Be7 33.
Qxa6 e4 34. Qa7 Kf7 35. Ke2 Qxc3 36. Nxe4 Qd3+ {#R} 0-1

[Event "Hampstead U2200 July 2013"]
[Site "Hampstead, UK"]
[Date "2013.07.21"]
[Round "5"]
[White "Lewis, Timothy"]
[Black "Klingher, Bernard"]
[Result "1/2-1/2"]
[WhiteElo "1322"]
[BlackElo "1034"]
[EventRounds "5"]

1. e4 g6 2. d4 Bg7 3. Nf3 d6 4. Bc4 Bg4 5. h3 Bxf3 6. Qxf3 Nf6 7. O-O Nbd7 8.
e5 dxe5 9. Qxb7 exd4 10. Bf4 e5 11. Re1 O-O 12. Bg3 Qb8 13. Qxb8 Raxb8 14. Nd2
Rxb2 15. Bb3 Nh5 16. Nc4 Nxg3 17. fxg3 Nc5 18. Nxb2 Nxb3 19. axb3 Re8 20. Rxa7
c5 21. Nd3 e4 22. Nxc5 e3 23. Kf1 Rc8 24. Nd7 Rxc2 25. Ra8+ Bf8 26. Rxf8+ Kg7
27. Ne5 Kxf8 28. Ng4 Rb2 29. h4 {#d} 1/2-1/2